Storage area network essentials / (Record no. 35881)

MARC details
000 -LEADER
fixed length control field 00494nam a22001817a 4500
005 - DATE AND TIME OF LATEST TRANSACTION
control field 20240610144617.0
008 - FIXED-LENGTH DATA ELEMENTS--GENERAL INFORMATION
fixed length control field 240610b |||||||| |||| 00| 0 eng d
020 ## - INTERNATIONAL STANDARD BOOK NUMBER
ISBN 9780471034452
082 ## - DEWEY DECIMAL CLASSIFICATION NUMBER
Classification number 004.6
Item number BAR-S
100 ## - MAIN ENTRY--AUTHOR
Author Name Barker, Richard
245 ## - TITLE STATEMENT
Title Storage area network essentials /
Statement of responsibility, etc. Paul Massigilia
260 ## - PUBLICATION, DISTRIBUTION, ETC.
Place of Publication USA:
Name of publisher, distributor, etc. Wiley;
Date of publication, distribution, etc. 2002.
300 ## - PHYSICAL DESCRIPTION
Pages 498 p. :
650 ## - SUBJECT ADDED ENTRY--TOPICAL TERM
Subject / Department computer science/ web operating system
700 ## - ADDED ENTRY--PERSONAL NAME
Personal name Paul Massigilia
300 ## - PHYSICAL DESCRIPTION
-- ill;
-- 24 cm.
952 ## - LOCATION AND ITEM INFORMATION (KOHA)
-- 0
-- 0
Holdings
Lost status Damaged status Collection code Permanent Location Current Location Shelving Location Date acquired Full Call Number Accession No./Barcode Date last seen item type Koha item type
    CS/IT Superior Information Resource Center (SIRC) Superior University- Gold Campus Superior Information Resource Center (SIRC) Superior University- Gold Campus web operating system 06/10/2024 004.6 BAR-S 2002 17720 06/10/2024 BOOK BOOK

Powered by Koha